000 00265nam a22001217a 4500
008 170828b xxu||||| |||| 00| 0 eng d
041 _aeng
080 _23 ED
_a070
100 _a39
101 _aMED
245 _aORAL INTERPREATION
_cLEE.CH.I
942 _2udc
_cBK
999 _c25144
_d25144